000 00507nam a2200193Ia 4500
999 _c33827
_d33827
003 OSt
005 20200911153524.0
008 190216s9999||||xx |||||||||||||| ||und||
020 _a9780521567015
040 _coclc
082 _a530
_bGIB/A
100 _aGibbs, Keith
_94558
245 0 _aAdvanced Physics /
_cKeith Gibbs
250 _a2nd Ed.
260 _bCambridge Uty Press,
_c2003.
_aUK:
300 _a493p
650 _aPhysics
942 _cBK
_2ddc
_h530
_iGIB/A
_k530
_mGIB/A